[Event "Leverkusen-ch op"]
[Site "Leverkusen"]
[Date "2010.04.12"]
[Round "6"]
[White "Hemmers, Johann Gerhard"]
[Black "Linke, Michael"]
[Result "1/2-1/2"]
[WhiteElo "1975"]
[BlackElo "1719"]
[PlyCount "34"]
[EventDate "2010.01.18"]
[EventType "swiss"]
[EventRounds "7"]
[EventCountry "GER"]
[SourceTitle "EXT 2011"]
[Source "ChessBase"]
[SourceDate "2010.11.26"]
[SourceVersion "1"]
[SourceVersionDate "2010.11.26"]
[SourceQuality "1"]

1. d4 d5 2. Nf3 Nf6 3. c4 e6 4. Nc3 Be7 5. e3 0-0 6. Qc2 Na6 7. a3 c5 8. cxd5 exd5 9. Be2 b6 10. 0-0 Bb7 11. Qa4 Nc7 12. dxc5 bxc5 13. Rd1 Qe8 14. Qa5 Qc6 15. Ne5 Qb6 16. Qa4 Rfd8 17. Rb1 Qd6 1/2-1/2

[Event "Leverkusen-ch op"]
[Site "Leverkusen"]
[Date "2010.01.18"]
[Round "1"]
[White "Seelig, Jochen"]
[Black "Hemmers, Johann Gerhard"]
[Result "0-1"]
[WhiteElo "1426"]
[BlackElo "1975"]
[PlyCount "42"]
[EventDate "2010.01.18"]
[EventType "swiss"]
[EventRounds "7"]
[EventCountry "GER"]
[SourceTitle "EXT 2011"]
[Source "ChessBase"]
[SourceDate "2010.11.26"]
[SourceVersion "1"]
[SourceVersionDate "2010.11.26"]
[SourceQuality "1"]

1. Nf3 Nf6 2. b3 g6 3. Bb2 Bg7 4. g4 d5 5. g5 Nh5 6. Bxg7 Nxg7 7. e3 Nc6 8. Bb5 Qd6 9. Bxc6+ bxc6 10. d4 c5 11. Ne5 Bf5 12. Nd2 cxd4 13. exd4 Ne6 14. Ndf3 0-0 15. Qd2 Be4 16. Qc3 f6 17. gxf6 exf6 18. Rg1 fxe5 19. Nxe5 c5 20. f3 cxd4 21. Qxd4 Nxd4 0-1

[Event "Oberjoch op"]
[Site "Oberjoch"]
[Date "2002.??.??"]
[Round "3"]
[White "Hemmers, Johann Gerhard"]
[Black "Oettel, Lothar"]
[Result "1/2-1/2"]
[WhiteElo "1837"]
[BlackElo "1878"]
[PlyCount "134"]
[EventDate "2002.??.??"]
[EventType "swiss"]
[EventRounds "9"]
[EventCountry "GER"]
[SourceTitle "EXT 2004"]
[Source "ChessBase"]
[SourceDate "2003.11.25"]
[SourceVersion "1"]
[SourceVersionDate "2003.11.25"]
[SourceQuality "1"]

1. d4 Nf6 2. c4 c5 3. e3 g6 4. Nc3 Bg7 5. Nf3 0-0 6. Be2 b6 7. 0-0 Bb7 8. d5 d6 9. e4 e6 10. dxe6 fxe6 11. Qd3 Nc6 12. Bf4 e5 13. Bg5 Nd4 14. Nxd4 cxd4 15. Nd5 Bxd5 16. cxd5 Qd7 17. h3 h5 18. Rac1 Rac8 19. Bxf6 Bxf6 20. Qb5 Qxb5 21. Bxb5 Rc5 22. Bd7 Bg5 23. Rxc5 bxc5 24. Bb5 Rb8 25. a4 a6 26. Bxa6 Rxb2 27. Rd1 Rb4 28. Ra1 c4 29. Kf1 d3 30. Ke1 d2+ 31. Kd1 c3 32. Bd3 Bh4 33. g3 Bd8 34. a5 Rb7 35. a6 Ra7 36. Rb1 Ba5 37. Rb5 Bc7 38. Rb3 Ba5 39. Kc2 Kg7 40. Rb7+ Rxb7 41. axb7 Bc7 42. Be2 Kf7 43. Kxc3 Ke7 44. Kxd2 Bb8 45. Bb5 Kd8 46. Ke2 h4 47. gxh4 Kc7 48. Be8 Kxb7 49. Bxg6 Bc7 50. h5 Bd8 51. h6 Bf6 52. Kf3 Kc7 53. Kg4 Kd7 54. Kf5 Ke7 55. h7 Bh8 56. h4 Bf6 57. Bh5 Bh8 58. Kg6 Kf8 59. Bg4 Ke7 60. Be6 Kf8 61. h5 Ke7 62. h6 Kf8 63. Bc8 Ke7 64. Kf5 Bf6 65. Kg6 Bh8 66. Bh3 Kf8 67. Kg5 Ke7 1/2-1/2

[Event "Bad Woerishofen Seniors op 17th"]
[Site "Bad Woerishofen"]
[Date "2001.03.22"]
[Round "8"]
[White "Hemmers, Johann Gerhard"]
[Black "Miessner, Rolf"]
[Result "1-0"]
[WhiteElo "1880"]
[BlackElo "1750"]
[PlyCount "59"]
[EventDate "2001.03.??"]
[EventType "swiss"]
[EventRounds "9"]
[EventCountry "GER"]
[SourceTitle "EXT 2002"]
[Source "ChessBase"]
[SourceDate "2001.11.25"]
[SourceVersion "1"]
[SourceVersionDate "2001.11.25"]
[SourceQuality "1"]

1. d4 Nf6 2. c4 e6 3. Nc3 Bb4 4. e3 c5 5. Bd3 d5 6. Nf3 Nc6 7. 0-0 cxd4 8. exd4 dxc4 9. Bxc4 0-0 10. Bg5 Be7 11. Rc1 b6 12. a3 Bb7 13. Qd2 Rc8 14. Ba2 Nd5 15. Nxd5 exd5 16. Rfe1 Bxg5 17. Nxg5 h6 18. Nf3 Qd6 19. Qd3 Ne7 20. Bb1 g6 21. Rxc8 Bxc8 22. Qe3 Nf5 23. Bxf5 Bxf5 24. Qxh6 Qf6 25. h3 Qg7 26. Qg5 f6 27. Qe3 Qh8 28. Qe7 Qh5 29. Rc1 Bxh3 30. Rc7 1-0

[Event "Bad Woerishofen Seniors op 17th"]
[Site "Bad Woerishofen"]
[Date "2001.03.18"]
[Round "4"]
[White "Hemmers, Johann Gerhard"]
[Black "Ohmstede, Rudolf"]
[Result "1-0"]
[WhiteElo "1880"]
[BlackElo "1648"]
[PlyCount "111"]
[EventDate "2001.03.??"]
[EventType "swiss"]
[EventRounds "9"]
[EventCountry "GER"]
[SourceTitle "EXT 2002"]
[Source "ChessBase"]
[SourceDate "2001.11.25"]
[SourceVersion "1"]
[SourceVersionDate "2001.11.25"]
[SourceQuality "1"]

1. d4 d5 2. c4 c6 3. Nf3 Nf6 4. e3 g6 5. Be2 Bg7 6. 0-0 0-0 7. Nc3 Nbd7 8. b3 Re8 9. Bb2 e6 10. Qc2 b6 11. e4 dxe4 12. Nxe4 Nxe4 13. Qxe4 Bb7 14. Qc2 Qc7 15. Rad1 Rad8 16. b4 Nf6 17. Rfe1 Rd7 18. Ne5 Rdd8 19. Bf3 Nd7 20. Nxd7 Rxd7 21. Re2 Red8 22. Red2 Qf4 23. Qe4 Qc7 24. Qe3 h6 25. Bc3 Kh7 26. g3 Bf6 27. h4 Bg7 28. Kg2 h5 29. c5 Bh6 30. Qe4 f5 31. Qxe6 Re7 32. Qc4 b5 33. Qf1 Bxd2 34. Rxd2 Bc8 35. d5 cxd5 36. Bf6 d4 37. Bxe7 Qxe7 38. Qxb5 a6 39. Qb6 Kg7 40. a4 f4 41. Re2 Qf6 42. Qc7+ Kf8 43. Qxf4 Qxf4 44. gxf4 d3 45. Rd2 Rd4 46. b5 axb5 47. axb5 Bf5 48. b6 Rb4 49. b7 Ke7 50. Ra2 Bg4 51. Bc6 Be2 52. Ra4 Rb2 53. Rd4 Rb1 54. Rd7+ Ke6 55. Rd8 Bf1+ 56. Kf3 1-0

[Event "Bad Woerishofen Seniors op 17th"]
[Site "Bad Woerishofen"]
[Date "2001.03.16"]
[Round "2"]
[White "Hemmers, Johann Gerhard"]
[Black "Keserovic, Milan"]
[Result "0-1"]
[WhiteElo "1880"]
[BlackElo "2204"]
[PlyCount "57"]
[EventDate "2001.03.??"]
[EventType "swiss"]
[EventRounds "9"]
[EventCountry "GER"]
[SourceTitle "EXT 2002"]
[Source "ChessBase"]
[SourceDate "2001.11.25"]
[SourceVersion "1"]
[SourceVersionDate "2001.11.25"]
[SourceQuality "1"]

1. d4 f5 2. c4 Nf6 3. Nf3 g6 4. g3 Bg7 5. Bg2 0-0 6. 0-0 d6 7. Nc3 Nc6 8. d5 Na5 9. Qd3 e5 10. dxe6 Bxe6 11. b3 Kh8 12. Nd4 Bd7 13. Bb2 Ng4 14. Rad1 f4 15. Nf3 Nc6 16. Ba1 Nce5 17. Qd2 Nxf3+ 18. Bxf3 Ne5 19. Bxb7 f3 20. Kh1 Bh3 21. Rfe1 Bg2+ 22. Kg1 Qd7 23. Ne4 Rab8 24. Bxe5 Bxe5 25. Nc5 Qh3 26. exf3 Rxf3 27. Qd5 Rxg3 28. Qxe5+ dxe5 29. fxg3 0-1

[Event "Merano Gold Cup 29th"]
[Site "Merano"]
[Date "2001.??.??"]
[Round "4"]
[White "Hemmers, Johann Gerhard"]
[Black "Bonani, Georg"]
[Result "0-1"]
[WhiteElo "1837"]
[BlackElo "1707"]
[PlyCount "46"]
[EventDate "2001.05.??"]
[EventType "swiss"]
[EventRounds "9"]
[EventCountry "ITA"]
[SourceTitle "EXT 2005"]
[Source "ChessBase"]
[SourceDate "2004.11.15"]
[SourceVersion "1"]
[SourceVersionDate "2004.11.15"]
[SourceQuality "1"]

1. d4 Nf6 2. c4 g6 3. Nc3 Bg7 4. e4 d6 5. Be2 0-0 6. Nf3 e5 7. 0-0 Nc6 8. d5 Ne7 9. b4 Ne8 10. c5 f5 11. Nd2 Nf6 12. Qb3 f4 13. Ba3 g5 14. Rac1 Ng6 15. cxd6 cxd6 16. Nb5 Rf7 17. Qc4 Ne8 18. Bh5 g4 19. Bb2 Bf8 20. a4 Qh4 21. Bxg6 hxg6 22. g3 Qh3 23. Rfd1 Rh7 0-1

[Event "Wch Seniors 08th"]
[Site "Grieskirchen"]
[Date "1998.11.13"]
[Round "5"]
[White "Luneau, Gilles"]
[Black "Hemmers, Johann Gerhard"]
[Result "0-1"]
[WhiteElo "1780"]
[BlackElo "1880"]
[PlyCount "78"]
[EventDate "1998.11.08"]
[EventType "swiss"]
[EventRounds "11"]
[EventCountry "AUT"]
[SourceTitle "CBM 067 Extra"]
[Source "ChessBase"]
[SourceDate "1999.01.01"]
[SourceVersion "1"]
[SourceVersionDate "1999.01.01"]
[SourceQuality "1"]

1. c4 Nf6 2. Nc3 e6 3. e4 d6 4. d4 Nbd7 5. Nf3 e5 6. d5 a5 7. Qc2 g6 8. Be2 Bg7 9. 0-0 0-0 10. h3 Nc5 11. Be3 b6 12. Nd2 Nh5 13. Nb3 Nf4 14. Bxf4 exf4 15. Nxc5 bxc5 16. Bf3 Qg5 17. Kh2 Bd7 18. Ne2 Rab8 19. Rab1 f5 20. b3 Rbe8 21. Rg1 fxe4 22. Bxe4 Qh4 23. Rbf1 f3 24. Ng3 Bd4 25. Re1 fxg2 26. Bxg2 Rxe1 27. Rxe1 Bxf2 28. Qc3 Bxe1 29. Qxe1 a4 30. Qe3 Re8 31. Qc3 Qf4 32. Qf3 Qxf3 33. Bxf3 axb3 34. axb3 Re3 35. Bd1 Rd3 36. Bc2 Rd2+ 37. Kg1 Rxc2 38. Ne4 Kg7 39. h4 h6 0-1

[Event "Wch Seniors 08th"]
[Site "Grieskirchen"]
[Date "1998.11.12"]
[Round "4"]
[White "Hemmers, Johann Gerhard"]
[Black "Glaser, Heinz Alfred"]
[Result "1/2-1/2"]
[WhiteElo "1880"]
[BlackElo "1680"]
[PlyCount "66"]
[EventDate "1998.11.08"]
[EventType "swiss"]
[EventRounds "11"]
[EventCountry "AUT"]
[SourceTitle "CBM 067 Extra"]
[Source "ChessBase"]
[SourceDate "1999.01.01"]
[SourceVersion "1"]
[SourceVersionDate "1999.01.01"]
[SourceQuality "1"]

1. d4 d5 2. Nf3 e6 3. c4 Nf6 4. Nc3 Bb4 5. Qa4+ Nc6 6. Bg5 Bd7 7. Qc2 0-0 8. e3 h6 9. Bh4 dxc4 10. Bxc4 Na5 11. Be2 g5 12. Bg3 Nd5 13. 0-0 Nxc3 14. bxc3 Bd6 15. Ne5 Nc6 16. f4 Be7 17. Rab1 Nxe5 18. fxe5 Bc6 19. c4 b6 20. Bh5 Be8 21. Bf3 Rb8 22. Kh1 Bd7 23. Rbd1 Qe8 24. Qe4 c6 25. Bh5 Qc8 26. Rxf7 Rxf7 27. Bxf7+ Kxf7 28. Qh7+ Ke8 29. Qh8+ Kf7 30. Rf1+ Kg6 31. Rf6+ Bxf6 32. Qxf6+ Kh7 33. Qf7+ Kh8 1/2-1/2